00822nam a2200229 450000100060000000300080000600500170001400800390003103500190007004000220008904100080011108200180011910000240013724500560016126000500021730000210026765000270028894200120031599900170032795201160034495201320046019814BD-RjUL20211209000500.0140225r19821981ii a 000 0 eng a(BD-RjUL)19875 aDLCcBD-RjULbeng aeng00a339bMIM 19821 aMisra, S. K.96086410aMacroeconomics (analysis and policy) /cS. K. Misra aDelhi :bPragati Pub.,cc1981 [reprint 1982]. a470 p. ;c21 cm. 0aMacroeconomics.960865 2ddccBK c19814d19814 00102ddc40708NFICaRUCLbRUCLcStackd2014-02-25l0o339 MIM 1982r2014-02-25 00:00:00tC-3w2014-02-25yBK 00102ddc40708NFICaRUCLbRUCLcStackd1984-09-06eABC Calg70.00l0o339 MIM 1982r2016-09-04 00:00:00tC-4w2016-09-04yBK